|
|
|
|
| LEADER |
00000cam a2200000 7i4500 |
| 001 |
0000073712 |
| 005 |
20070924.0 |
| 090 |
0 |
0 |
|a JF
|b BUG
|
| 245 |
0 |
0 |
|a Bugs & Road Runner [
|h video compact disc] :
|b runaway rabbit
|
| 260 |
|
|
|a s.l :
|b Warner Bros ,
|c 1999
|
| 300 |
|
|
|a 1 Video compact disc (35 minutes) :
|b col
|
| 500 |
|
|
|a Library has 8 copies
|
| 520 |
0 |
|
|a General viewing for all ages (U)
|
| 650 |
0 |
0 |
|a Cartoon and carricatures
|x AV collection
|
| 999 |
|
|
|a AV 06203
|b VIDEO COMPACT DISC
|c PINJAMAN
|e PERPUSTAKAAN KOMUNITI PETALING JAYA
|
| 999 |
|
|
|a AV 06204
|b VIDEO COMPACT DISC
|c PINJAMAN
|e PERPUSTAKAAN KOMUNITI PETALING JAYA
|
| 999 |
|
|
|a AV 13908
|b VIDEO COMPACT DISC
|c PINJAMAN
|e PERPUSTAKAAN KOMUNITI PETALING JAYA
|
| 999 |
|
|
|a AV 18527
|b VIDEO COMPACT DISC
|c PINJAMAN
|e PERPUSTAKAAN KOMUNITI PETALING JAYA
|
| 999 |
|
|
|a AV 18528
|b VIDEO COMPACT DISC
|c PINJAMAN
|e PERPUSTAKAAN KOMUNITI PETALING JAYA
|
| 999 |
|
|
|a AV 18529
|b VIDEO COMPACT DISC
|c PINJAMAN
|e PERPUSTAKAAN KOMUNITI PETALING JAYA
|